00537nam a2200157 4500008004100000022001300041245007900054260004800133300001500181650001300196650002700209650002500236942000700261952009600268999001500364240219b |||||||| |||| 00| 0 eng d a02666952 aJournal : Institute of Muslim minority affairs-Vol. VI, no. 2 (July 1985)  aJeddah : bKing Abdulaziz University,c1985 b255-477 p. aMuslims  aNon-Islamic countries  aReligious minorities cCR 00102ddc4070aMAINbMAINd2024-02-19l0o305.69 JOUpRAF5050r2024-02-19w2024-02-19yCR c4766d4766